LEADER 00865nam a2200193 i 4500 001 000000251037 003 CaOOAMICUS 005 20160831000000.0 008 160831s1833 it u000 u ita u 013 $a229942 026 $a37le 1.9. 7.mo (i(h (3) 1777 (Q) - [Data dalla pref.] 040 $aSeMil$bita 245 10$aTomo 4. 300 $a366, [2] p. 500 $aA c. E8r, con proprio occhietto : Difesa dello spirito delle leggi. Parte prima. - Segn. : A-Z8. 773 0 $aMontesquieu, Charles de Secondat $tSpirito delle leggi del signore di Montesquieu con le note dell'abate Antonio Genovesi. Tomo 1. [-4.].$dNapoli : Domenico Terres negoziante di libri, 1777.$g4$w()33353 850 $aSeMil 852 $aSeMil$W1$xVenegono$y1$m3L III 166 FA$j201383$B201383$CSeMilBibl$Z2$F213149 $8I 996 $6245$aTomo 4$9(OLS)http://semarc/title/136909 LEADER 01008nam a2200229 i 4500 001 000000194763 003 CaOOAMICUS 005 20231121114016.0 008 101125s1943 it u000 u ita u 013 $a173424 040 $aSeMil$bita 100 1 $aLucchesi, Giovanni,$d<1913-1981>.$0(OLS)http://semarc/name/22158 245 10$aNuove note agiografiche ravennati :$bsanti e riti del Sacramentario Leoniano a Ravenna /$cD. Giovanni Lucchesi. 260 $aFaenza :$bF.lli Lega Ed.,$c1943. 300 $a119 p. ;$c26 cm. 500 $aIn appendice : Ravenna nella storia della liturgia. 650 4$aRavenna - Agiografia.$0(OLS)http://semarc/subject/54746 850 $aSeMil 852 $aSeMil$W1$xVenegono$y1$m3J VI 68$j145334$B145334$CSeMilBibl$Z2$F156843 $81 996 $6245$aNuove note agiografiche ravennati :$bsanti e riti del Sacramentario Leoniano a Ravenna$9(OLS)http://semarc/title/280874 996 $6260$aFaenza :$bF.lli Lega Ed.$9(OLS)http://semarc/publisher/47875